000 01500nam a2200265Ia 4500
999 _c41339
_d41339
001 7997
003 GE_BSU
005 20221004141237.0
008 181216s2013ge xx |||||||||||||| ||geo||
020 _a9789941220074
040 _cGE_BSU
041 _ageo
080 _a1(479.22)(09) ქ-27
245 _aქართული ფილოსოფიური აზრის ისტორია :
_b IV ტომი /
_cრედ. მიხეილ მახარაძე ; სარედ. კოლ: ა. აფაქიძე, თ. ბუაჩიძე, გ. თევზაძე.
264 _aთბილისი:
_bუნისვერსალი,
_c2013.
300 _a 789 გვ.
_c22 სმ.
653 _aქართული ფილოსოფიური აზრის ისტორია
653 _aფილოსოფია
700 _aმახარაძე , მიხეილ
_eრედაქტორი
_915015
700 _aაფაქიძე, ა
_eსარედაქციო კოლეგია
_915016
700 _aბუაჩიძე, თ
_eსარედაქციო კოლეგია
_915017
700 _aთევზაძე, გ
_eსარედაქციო კოლეგია
_915018
710 _a ბათუმის შოთა რუსთაველის სახელმწ. უნ-ტი, ფილოსოფიის დეპარტამენტი
_915019
942 _cBK
_2udc